[Event "HEM 2015 B Turnier"]
[Site "Frankfurt-Sossenheim"]
[Date "2015.??.??"]
[Round "7.1"]
[White "Juhnke, Peter"]
[Black "Schellen, Sven"]
[Result "1/2-1/2"]
[WhiteElo "1900"]
[BlackElo "1797"]
[PlyCount "34"]
[EventDate "2015.??.??"]
[WhiteTeam "SC Eschborn"]
[BlackTeam "SF Frankfurt"]

1. d4 Nf6 2. g4 c6 3. g5 Nd5 4. e4 Nc7 5. Be3 d6 6. Nc3 g6 7. Qd2 Bg7 8. h4 d5
9. O-O-O dxe4 10. Bh3 Bf5 11. Nge2 Nd5 12. Bg2 Na6 13. Nxe4 Nab4 14. Kb1 Qb6
15. a3 Nxe3 16. fxe3 Na6 17. Bf3 O-O-O 1/2-1/2

[Event "HEM 2015 B Turnier"]
[Site "Frankfurt-Sossenheim"]
[Date "2015.??.??"]
[Round "7.2"]
[White "Lukas, Anne"]
[Black "Saluvar, Buelent"]
[Result "1/2-1/2"]
[WhiteElo "1772"]
[BlackElo "1718"]
[PlyCount "62"]
[EventDate "2015.??.??"]
[WhiteTeam "SK Gernsheim"]
[BlackTeam "SC Münster"]

1. d4 d5 2. c4 c6 3. Nf3 Nf6 4. Nc3 e6 5. Bg5 Nbd7 6. cxd5 exd5 7. e3 Bd6 8.
Bd3 h6 9. Bh4 O-O 10. O-O Re8 11. Rb1 Qe7 12. a3 a5 13. Qc2 Qf8 14. Ne2 Ne4 15.
Bxe4 dxe4 16. Nd2 f5 17. Bg3 Nb6 18. Qb3+ Nd5 19. Nc4 a4 20. Bxd6 axb3 21. Bxf8
Rxf8 22. Nf4 Nxf4 23. exf4 Rd8 24. Rbd1 Be6 25. Ne5 Ra4 26. d5 Rxd5 27. Rxd5
Bxd5 28. Rd1 b5 29. Kf1 b4 30. axb4 Rxb4 31. Ke2 Ra4 1/2-1/2

[Event "HEM 2015 B Turnier"]
[Site "Frankfurt-Sossenheim"]
[Date "2015.??.??"]
[Round "7.3"]
[White "Englert, Fred"]
[Black "Weber, Simon"]
[Result "1-0"]
[WhiteElo "1795"]
[BlackElo "1407"]
[PlyCount "53"]
[EventDate "2015.??.??"]
[WhiteTeam "SK Klingenberg"]
[BlackTeam "SC Langenbieber"]

1. c4 e5 2. g3 Nf6 3. Bg2 g6 4. Nc3 Bg7 5. Nf3 d6 6. d4 exd4 7. Nxd4 O-O 8. O-O
Nbd7 9. b3 a6 10. Bb2 Re8 11. Rc1 Nc5 12. h3 Nce4 13. Qd3 Ng5 14. Kh2 Qd7 15.
g4 h5 16. f4 Ne6 17. Nxe6 Qxe6 18. g5 Nd7 19. Bd5 Qe3 20. Qxg6 Ne5 21. Qxh5 Ng6
22. Rf3 Qd2 23. Qxg6 Rxe2+ 24. Kg3 Qxb2 25. Qxf7+ Kh7 26. Be4+ Kh8 27. Qe8+ 1-0

[Event "HEM 2015 B Turnier"]
[Site "Frankfurt-Sossenheim"]
[Date "2015.??.??"]
[Round "7.4"]
[White "Henninger, Sascha"]
[Black "Warnk, Torsten"]
[Result "0-1"]
[WhiteElo "1777"]
[BlackElo "1845"]
[PlyCount "142"]
[EventDate "2015.??.??"]
[WhiteTeam "SC Sulzbach"]
[BlackTeam "Sges Bensheim"]

1. e4 e6 2. d4 d5 3. e5 c5 4. dxc5 Bxc5 5. Bd3 Qb6 6. Qe2 Nc6 7. Nf3 Nge7 8.
O-O Ng6 9. Nc3 Nd4 10. Nxd4 Bxd4 11. Bxg6 hxg6 12. Bf4 Bd7 13. a4 Qxb2 14. Nb5
Bxb5 15. axb5 Rc8 16. Rfc1 Qb4 17. Bd2 Qc4 18. Qxc4 Rxc4 19. c3 Bb6 20. Be3 Kd7
21. Bxb6 axb6 22. g3 Rhc8 23. Ra7 Kc7 24. Kf1 d4 25. Ra3 Kd7 26. Ke2 R8c5 27.
Kd3 Rxc3+ 28. Raxc3 dxc3 29. Rxc3 Rxb5 30. Kd4 Rb2 31. Rf3 Ke7 32. Rc3 Ke8 33.
Ke3 Rb5 34. Ke4 Rc5 35. Rd3 Ke7 36. Rb3 Rc6 37. Ra3 f6 38. f4 f5+ 39. Kd4 Rc7
40. Rb3 Rc6 41. Ra3 Kd7 42. Ra8 Rc7 43. Rg8 Kc6 44. Re8 Rd7+ 45. Kc4 b5+ 46.
Kb4 Kd5 47. Kxb5 g5 48. h4 gxf4 49. gxf4 g6 50. Rg8 Rh7 51. Ra8 Ke4 52. Re8
Rxh4 53. Rxe6 Rxf4 54. Kc5 Rf1 55. Re8 Rd1 56. e6 Ke5 57. e7 Ke6 58. Rg8 Kxe7
59. Rxg6 Kf7 60. Rb6 Rd7 61. Rb3 Kf6 62. Rh3 f4 63. Rh8 Kf5 64. Rf8+ Ke4 65.
Re8+ Kf3 66. Rf8 Ke3 67. Re8+ Kf2 68. Kc4 f3 69. Rc8 Kf1 70. Rf8 f2 71. Rf6 Re7
0-1

[Event "HEM 2015 B Turnier"]
[Site "Frankfurt-Sossenheim"]
[Date "2015.??.??"]
[Round "7.5"]
[White "Krastev, Alexander"]
[Black "John, Volkmar"]
[Result "0-1"]
[WhiteElo "1940"]
[BlackElo "1770"]
[PlyCount "56"]
[EventDate "2015.??.??"]
[WhiteTeam "Biebertaler SF"]
[BlackTeam "SK Herborn"]

1. e4 c5 2. Nc3 Nc6 3. f4 g6 4. Nf3 Bg7 5. Bb5 Nd4 6. O-O Nxb5 7. Nxb5 d6 8. d3
Bd7 9. Nc3 Nf6 10. Qe1 Bc6 11. e5 Nd5 12. e6 f5 13. Nxd5 Bxd5 14. Ng5 O-O 15.
c4 Bc6 16. Qh4 h5 17. g4 Bd4+ 18. Rf2 fxg4 19. Nf7 Bxf2+ 20. Kxf2 Rxf7 21.
exf7+ Kxf7 22. f5 e5 23. Bg5 Qd7 24. fxg6+ Kxg6 25. Be7 Qf5+ 26. Kg1 Qf4 27.
Rf1 Bf3 28. Bxd6 Qd4+ 0-1

[Event "HEM 2015 B Turnier"]
[Site "Frankfurt-Sossenheim"]
[Date "2015.??.??"]
[Round "7.6"]
[White "Vedder, Matthias"]
[Black "Launert, Martin"]
[Result "1-0"]
[WhiteElo "1691"]
[BlackElo "1871"]
[PlyCount "43"]
[EventDate "2015.??.??"]
[WhiteTeam "SK Marburg"]
[BlackTeam "Sfr. Erbach"]

1. c4 e5 2. Nc3 Nf6 3. g3 c6 4. d4 exd4 5. Qxd4 d5 6. cxd5 cxd5 7. Bg2 Nc6 8.
Qa4 Be6 9. Nf3 Be7 10. Bf4 O-O 11. O-O a6 12. Nd4 Nxd4 13. Qxd4 Rc8 14. Rfd1
Qa5 15. Be3 Rfd8 16. Qb6 Bb4 17. Qxa5 Bxa5 18. Bd4 Bg4 19. Bxf6 gxf6 20. Rxd5
Rxd5 21. Nxd5 Bxe2 22. Ne7+ 1-0

[Event "HEM 2015 B Turnier"]
[Site "Frankfurt-Sossenheim"]
[Date "2015.??.??"]
[Round "7.7"]
[White "Zalewski, Ulrich"]
[Black "Wachsmann, Dietmar"]
[Result "0-1"]
[WhiteElo "1838"]
[BlackElo "1743"]
[PlyCount "52"]
[EventDate "2015.??.??"]
[WhiteTeam "SK Gießen"]
[BlackTeam "SC Groß-Umstadt"]

1. e4 c5 2. Nf3 e6 3. d4 cxd4 4. Nxd4 Nf6 5. Nc3 d6 6. Be3 Be7 7. Be2 O-O 8.
O-O Nc6 9. f4 e5 10. Nf5 Bxf5 11. exf5 exf4 12. Rxf4 d5 13. Nb5 Rc8 14. c3 Re8
15. Rh4 a6 16. Nd4 Bd6 17. Rh3 Qc7 18. Nc2 Ne5 19. Qe1 Nc4 20. Bxc4 dxc4 21.
Qh4 Re4 22. Qf2 Rce8 23. Re1 Ng4 24. Qh4 h6 25. Bd4 Rxe1+ 26. Nxe1 Bg3 0-1

[Event "HEM 2015 B Turnier"]
[Site "Frankfurt-Sossenheim"]
[Date "2015.??.??"]
[Round "7.8"]
[White "Poetsch, Leonore"]
[Black "Werle, Joshua"]
[Result "1/2-1/2"]
[WhiteElo "1657"]
[BlackElo "1776"]
[PlyCount "41"]
[EventDate "2015.??.??"]
[WhiteTeam "SK Langen"]
[BlackTeam "Frankfurter TV"]

1. e4 Nf6 2. e5 Nd5 3. c4 Nb6 4. c5 Nd5 5. Nc3 e6 6. d4 d6 7. Nxd5 exd5 8. cxd6
cxd6 9. Nf3 Nc6 10. Bg5 Qa5+ 11. Qd2 Qxd2+ 12. Kxd2 Bg4 13. Bb5 h6 14. Bf4 Bxf3
15. gxf3 a6 16. Bxc6+ bxc6 17. exd6 Kd7 18. Rhg1 g6 19. Be5 Rg8 20. Rac1 Rb8
21. Rc2 1/2-1/2

[Event "HEM 2015 B Turnier"]
[Site "Frankfurt-Sossenheim"]
[Date "2015.??.??"]
[Round "7.9"]
[White "Bahlke, Florian"]
[Black "Hirsch, Gabriel"]
[Result "0-1"]
[WhiteElo "1271"]
[BlackElo "1778"]
[PlyCount "64"]
[EventDate "2015.??.??"]
[WhiteTeam "SF Dettingen"]
[BlackTeam "BG Buchen"]

1. c4 e5 2. g3 Nf6 3. Bg2 Bc5 4. Nc3 c6 5. e3 d5 6. cxd5 cxd5 7. d4 exd4 8.
exd4 Bb4 9. Nge2 O-O 10. O-O Nc6 11. a3 Bxc3 12. Nxc3 h6 13. h3 Bf5 14. Be3 Qd7
15. Kh2 Rfe8 16. b4 Rac8 17. Qd2 Ne7 18. Rac1 Ng6 19. f3 h5 20. Bf2 a6 21. Ne2
Qd6 22. Kh1 Qe6 23. Rfe1 Bxh3 24. Nf4 Bxg2+ 25. Kxg2 Qf5 26. Nxg6 Qxg6 27.
Rxe8+ Rxe8 28. Rc7 h4 29. Rxb7 hxg3 30. Bxg3 Nh5 31. Qf2 Re2 32. Qxe2 Nf4+ 0-1

[Event "HEM 2015 B Turnier"]
[Site "Frankfurt-Sossenheim"]
[Date "2015.??.??"]
[Round "7.10"]
[White "Goebel, Knut"]
[Black "Genis, Roy"]
[Result "1-0"]
[WhiteElo "1728"]
[BlackElo "1952"]
[PlyCount "105"]
[EventDate "2015.??.??"]
[WhiteTeam "SC Ober-Ramstadt"]
[BlackTeam "vereinslos, Rodgau"]

1. d4 d5 2. c4 c6 3. Nf3 Nf6 4. Nc3 e6 5. Bg5 h6 6. Bh4 Be7 7. e3 Nbd7 8. Bd3
dxc4 9. Bxc4 Nd5 10. Bxe7 Qxe7 11. O-O b5 12. Bd3 Nxc3 13. bxc3 O-O 14. a4 b4
15. cxb4 Qxb4 16. Qc2 Qd6 17. Rfc1 Bb7 18. Nd2 Rfc8 19. Ne4 Qe7 20. Nc5 Nxc5
21. Qxc5 Kf8 22. Rab1 Qxc5 23. Rxc5 Rc7 24. f4 f5 25. h4 g6 26. a5 a6 27. Kf2
h5 28. Rb6 Ke7 29. Bc4 Kd6 30. g3 Rd7 31. Ke2 Rc7 32. Kd3 Rd7 33. Re5 Re7 34.
Bxe6 Rxe6 35. Rxb7 Rxe5 36. fxe5+ Kd5 37. Rd7+ Ke6 38. Rd6+ Kf7 39. Rxc6 Rb8
40. Rxa6 Rb3+ 41. Ke2 Rb2+ 42. Kf3 Ra2 43. Rf6+ Ke7 44. a6 Ra1 45. Rxg6 Rf1+
46. Ke2 Ra1 47. Rf6 Ra2+ 48. Kf3 Ra1 49. Rh6 Kf7 50. Rxh5 Rxa6 51. Rxf5+ Kg7
52. Ke4 Rg6 53. Rg5 1-0

[Event "HEM 2015 B Turnier"]
[Site "Frankfurt-Sossenheim"]
[Date "2015.??.??"]
[Round "7.11"]
[White "Zimmer, Sascha"]
[Black "Pleyer, Christian"]
[Result "1-0"]
[WhiteElo "1937"]
[BlackElo "1683"]
[PlyCount "111"]
[EventDate "2015.??.??"]
[WhiteTeam "SC Mackenbach"]
[BlackTeam "SC Langenbieber"]

1. c4 e5 2. Nc3 Nf6 3. g3 Bb4 4. Bg2 O-O 5. Qc2 Nc6 6. e3 Rb8 7. Nf3 Re8 8. a3
Bxc3 9. dxc3 d6 10. b4 Ne7 11. O-O Bf5 12. Qb3 h6 13. Rd1 Qc8 14. Bb2 Be6 15.
b5 Nd7 16. Qb4 Nc5 17. Nxe5 Bh3 18. Nd3 Nxd3 19. Rxd3 Qf5 20. Rad1 Bxg2 21.
Kxg2 b6 22. a4 h5 23. c5 bxc5 24. Qc4 Ng6 25. Qd5 Qe4+ 26. Qxe4 Rxe4 27. Ra1
Ne5 28. Rd5 Nc4 29. Kf3 Re5 30. Rxe5 Nxe5+ 31. Ke2 a6 32. f4 Nc4 33. Rb1 axb5
34. Kd3 c6 35. Bc1 Kf8 36. h3 Ke7 37. e4 f6 38. g4 hxg4 39. hxg4 Rb7 40. g5 Na5
41. axb5 cxb5 42. f5 Nc6 43. g6 b4 44. cxb4 Rxb4 45. Ra1 Rb7 46. Ra8 Rb8 47.
Ra3 Kd7 48. Bf4 Nb4+ 49. Kc4 Rb7 50. Rh3 Kc6 51. Rh7 d5+ 52. exd5+ Nxd5 53. Bh6
gxh6 54. Rxb7 Ne3+ 55. Kd3 Nxf5 56. Rf7 1-0

[Event "HEM 2015 B Turnier"]
[Site "Frankfurt-Sossenheim"]
[Date "2015.??.??"]
[Round "7.12"]
[White "Diehl, Stefan"]
[Black "Anhalt, Albert"]
[Result "1-0"]
[WhiteElo "1815"]
[BlackElo "1896"]
[PlyCount "59"]
[EventDate "2015.??.??"]
[WhiteTeam "SC Höchst"]
[BlackTeam "SG Idstein"]

1. f4 e6 2. Nf3 d5 3. b3 c5 4. e3 Nc6 5. Bb2 Nf6 6. Bb5 Be7 7. O-O O-O 8. Bxc6
bxc6 9. Ne5 Bb7 10. d3 d4 11. e4 Nd7 12. Nf3 a5 13. a4 Rb8 14. Nbd2 Ba6 15. Qe1
f6 16. Nc4 Bxc4 17. dxc4 Qb6 18. Rd1 Rbd8 19. Bc1 Rfe8 20. Rd3 Ra8 21. g4 Qa6
22. Kh1 Kh8 23. Nh4 g5 24. Rh3 Kg7 25. fxg5 fxg5 26. Nf3 h6 27. Rxh6 Kxh6 28.
Qh4+ Kg7 29. Nxg5 Rh8 30. Nxe6+ 1-0

[Event "HEM 2015 B Turnier"]
[Site "Frankfurt-Sossenheim"]
[Date "2015.??.??"]
[Round "7.13"]
[White "Grzeschniok, Anton"]
[Black "Lopez, Victor"]
[Result "1/2-1/2"]
[WhiteElo "1895"]
[BlackElo "1669"]
[PlyCount "96"]
[EventDate "2015.??.??"]
[WhiteTeam "SC Eschborn"]
[BlackTeam "SC Höchst"]

1. e4 e5 2. Nf3 Nc6 3. Nc3 d6 4. d4 exd4 5. Nxd4 Nf6 6. Bg5 Be7 7. Bb5 Bd7 8.
O-O O-O 9. Bxc6 Bxc6 10. Nxc6 bxc6 11. Re1 h6 12. Bh4 Nd7 13. Bxe7 Qxe7 14. Qd4
Nb6 15. Re3 c5 16. Qd3 Qe5 17. b3 Qe6 18. Rd1 c4 19. Qd4 cxb3 20. axb3 Rfe8 21.
Ra1 Qe5 22. Qxe5 Rxe5 23. f4 Rc5 24. Kf1 a5 25. Ra2 d5 26. exd5 Nxd5 27. Nxd5
Rxd5 28. Rc3 Ra7 29. Ke2 Rd4 30. Ke3 Rb4 31. Rc5 a4 32. Rxa4 Rbxa4 33. bxa4
Rxa4 34. Rxc7 Kf8 35. g3 f5 36. h3 Re4+ 37. Kf3 Ra4 38. g4 fxg4+ 39. hxg4 g6
40. f5 gxf5 41. gxf5 Ra5 42. Kg4 h5+ 43. Kxh5 Rxf5+ 44. Kg6 Rf1 45. c4 Ke8 46.
Rc5 Kd7 47. Ra5 Kc6 48. Ra2 Rc1 1/2-1/2

[Event "HEM 2015 B Turnier"]
[Site "Frankfurt-Sossenheim"]
[Date "2015.??.??"]
[Round "7.14"]
[White "Weber, Andreas"]
[Black "Schwarz, Matthias"]
[Result "1/2-1/2"]
[WhiteElo "1869"]
[BlackElo "1352"]
[PlyCount "100"]
[EventDate "2015.??.??"]
[WhiteTeam "SC Flörsheim"]
[BlackTeam "SG Idstein"]

1. d4 Nf6 2. Bf4 e6 3. Nf3 b6 4. e3 Bb7 5. Bd3 Be7 6. O-O O-O 7. h3 d5 8. Nbd2
c5 9. c3 cxd4 10. exd4 Nc6 11. Ne5 Nd7 12. Qh5 Nf6 13. Qf3 Nd7 14. Nxd7 Qxd7
15. Qh5 g6 16. Qg4 Bf6 17. Nf3 Bg7 18. Rfe1 Rfe8 19. Bb5 a6 20. Bxc6 Bxc6 21.
Ne5 Qb7 22. Re3 Rac8 23. h4 Qe7 24. Rae1 Qf8 25. h5 Bh6 26. hxg6 fxg6 27. Bxh6
Qxh6 28. Rh3 Qg7 29. Ree3 Ba4 30. b3 Bc6 31. Ref3 Rc7 32. Qg5 Qe7 33. Rf6 Rf8
34. Rhf3 Rxf6 35. Qxf6 Qxf6 36. Rxf6 Bb5 37. a4 Be2 38. Rxe6 Rxc3 39. Rxb6 Bd1
40. Rxa6 Bxb3 41. Ra8+ Kg7 42. a5 Bc4 43. a6 Ra3 44. a7 Ra4 45. Rc8 Rxa7 46.
Nxc4 dxc4 47. Rxc4 Kf6 48. f3 Ke6 49. Kf2 Kd5 50. Rb4 Re7 1/2-1/2

[Event "HEM 2015 B Turnier"]
[Site "Frankfurt-Sossenheim"]
[Date "2015.??.??"]
[Round "7.15"]
[White "Rafiee, Kayvan"]
[Black "Neagu, Liviu"]
[Result "1-0"]
[WhiteElo "1861"]
[BlackElo "1229"]
[PlyCount "139"]
[EventDate "2015.??.??"]
[WhiteTeam "Kasseler SK"]
[BlackTeam "SF Friedberg"]

1. e4 c5 2. Nf3 Nc6 3. d4 cxd4 4. Nxd4 e5 5. Nb5 Nf6 6. N1c3 a6 7. Nd6+ Bxd6 8.
Qxd6 Qe7 9. Qd1 O-O 10. Bg5 Qb4 11. Bxf6 gxf6 12. Rb1 Kh8 13. a3 Qa5 14. g3 Nd4
15. Bg2 d6 16. O-O Be6 17. Kh1 Rac8 18. f4 Rg8 19. f5 Bc4 20. Rf2 Rg5 21. Bf1
Bxf1 22. Qxf1 b5 23. Qd3 Rcg8 24. Nd5 Qd8 25. c3 Nb3 26. Rd1 Nc5 27. Qc2 h5 28.
b4 Nd7 29. Rg2 h4 30. Rdg1 hxg3 31. Rxg3 Rxg3 32. Rxg3 Rxg3 33. hxg3 Qg8 34.
Kg2 Qd8 35. Qe2 Nf8 36. Qh5+ Kg7 37. Qg4+ Kh8 38. Qe2 Nh7 39. c4 Ng5 40. cxb5
axb5 41. Nc3 Qa8 42. Nxb5 Qxe4+ 43. Qxe4 Nxe4 44. Kf3 d5 45. a4 Nd2+ 46. Ke2
Nc4 47. a5 Kg8 48. Kd3 Kf8 49. Nc7 Nb2+ 50. Kc2 Nc4 51. Nxd5 Ke8 52. a6 Na3+
53. Kb3 Nb5 54. Kc4 Na7 55. Kc5 Kd8 56. b5 Kc8 57. b6 Kb8 58. bxa7+ Kxa7 59.
Nxf6 Kxa6 60. Kd5 Kb7 61. Kd6 Kc8 62. Ke7 Kc7 63. g4 Kc6 64. g5 e4 65. Nxe4 Kd5
66. Kxf7 Kxe4 67. f6 Kf5 68. g6 Kg5 69. Kg7 Kf5 70. f7 1-0

[Event "HEM 2015 B Turnier"]
[Site "Frankfurt-Sossenheim"]
[Date "2015.??.??"]
[Round "7.16"]
[White "Bennewitz, Ralph"]
[Black "Mattusch, Ralf"]
[Result "1-0"]
[WhiteElo "1924"]
[BlackElo "1572"]
[PlyCount "135"]
[EventDate "2015.??.??"]
[WhiteTeam "SC Sulzbach"]
[BlackTeam "SK Fürth"]

1. b3 d5 2. Bb2 Bf5 3. e3 e6 4. Nf3 h6 5. Na3 Nf6 6. c4 c6 7. Be2 Be7 8. O-O
O-O 9. Rc1 Nbd7 10. Nc2 Rc8 11. Nfd4 Bh7 12. f4 Ne4 13. d3 Nd6 14. Bg4 Qe8 15.
f5 exf5 16. Nxf5 Bxf5 17. Bxf5 Nxf5 18. Rxf5 Bf6 19. Ba3 Be7 20. Bxe7 Qxe7 21.
cxd5 g6 22. Rf1 cxd5 23. Qf3 Ne5 24. Qe2 Rfe8 25. d4 Nd7 26. Rf3 Rc3 27. Rcf1
f5 28. Qd2 Rec8 29. Ne1 Qe4 30. Rg3 Kh7 31. Rf4 Qb1 32. Rf1 Qe4 33. Nf3 Rc2 34.
Qb4 Qxe3+ 35. Kh1 Qe6 36. Re1 Rc1 37. Ne5 Rxe1+ 38. Qxe1 Nxe5 39. Re3 Nd3 40.
Rxe6 Nxe1 41. Rxe1 Rc7 42. h3 Kg7 43. Re6 Rd7 44. Kh2 Kf7 45. Re5 f4 46. Kg1
Kf6 47. Kf2 g5 48. Kf3 h5 49. h4 Rg7 50. Rxd5 gxh4 51. Rxh5 Rg3+ 52. Kf2 Rd3
53. Rxh4 Rxd4 54. Kf3 Kg5 55. Rg4+ Kf5 56. Rg7 Rd3+ 57. Ke2 Re3+ 58. Kd2 Ke6
59. Rxb7 Rg3 60. Rxa7 Rxg2+ 61. Ke1 f3 62. Ra8 Kd5 63. Rd8+ Kc5 64. Rd2 Rg1+
65. Kf2 Rg2+ 66. Ke3 Kb4 67. Rxg2 fxg2 68. Kf2 1-0

[Event "HEM 2015 B Turnier"]
[Site "Frankfurt-Sossenheim"]
[Date "2015.??.??"]
[Round "7.17"]
[White "Alonzo, Desi"]
[Black "Scholz, Michael"]
[Result "0-1"]
[WhiteElo "1699"]
[BlackElo "1862"]
[PlyCount "60"]
[EventDate "2015.??.??"]
[WhiteTeam "SK Herborn"]
[BlackTeam "SK Mömbris"]

1. Nf3 c5 2. c4 Nc6 3. Nc3 Nf6 4. g3 g6 5. Bg2 Bg7 6. O-O d6 7. d4 cxd4 8. Nxd4
Nxd4 9. Qxd4 O-O 10. Qh4 Rb8 11. Bh6 a6 12. Bxg7 Kxg7 13. Nd5 Nxd5 14. cxd5 b5
15. a4 Bd7 16. axb5 Bxb5 17. Rfe1 h6 18. Qd4+ Kh7 19. h4 Qb6 20. Qd2 e5 21.
dxe6 fxe6 22. e3 Bc4 23. Ra4 d5 24. b3 Qxb3 25. Rea1 Qb2 26. Qe1 Qf6 27. Bf1
Rb2 28. f4 Bxf1 29. Qxf1 Qc3 30. R4a3 Qd2 0-1

[Event "HEM 2015 B Turnier"]
[Site "Frankfurt-Sossenheim"]
[Date "2015.??.??"]
[Round "7.18"]
[White "Mauersberger, Uwe"]
[Black "Loehr, Holger"]
[Result "1-0"]
[WhiteElo "1486"]
[BlackElo "1837"]
[PlyCount "113"]
[EventDate "2015.??.??"]
[WhiteTeam "SC Eschborn"]
[BlackTeam "SF Braunfels"]

1. e4 c5 2. Nf3 d6 3. c4 Nf6 4. Nc3 e6 5. d4 cxd4 6. Nxd4 a6 7. Be3 Qc7 8. Be2
Be7 9. O-O O-O 10. Qd2 Nbd7 11. f3 b6 12. Rfd1 Bb7 13. Rac1 Rac8 14. Bf1 Ne5
15. b3 Ba8 16. Na4 Ned7 17. Qf2 Bc6 18. Nxc6 Qxc6 19. Nxb6 Nxb6 20. Bxb6 Nd7
21. Be3 Qb7 22. Rc2 Rc6 23. Rcd2 a5 24. f4 Nf6 25. Qf3 e5 26. g4 Rcc8 27. g5
Qxe4 28. Bg2 Qxf3 29. Bxf3 Nd7 30. Bg4 Rc7 31. Bxd7 exf4 32. Bxf4 Rxd7 33. c5
d5 34. c6 Ra7 35. Rxd5 Rc8 36. c7 Raa8 37. Rd7 Kf8 38. Re1 Re8 39. Kg2 Bc5 40.
Red1 Rac8 41. Rd8 Be7 42. R8d5 Bb4 43. Rb5 Ke7 44. Rb8 f6 45. gxf6+ gxf6 46.
Rd5 Rh8 47. Rh5 Kd7 48. Rh6 Be7 49. Kf3 Bd6 50. Bxd6 Kxd6 51. Rxc8 Rxc8 52.
Rxh7 Kc5 53. h4 Kb4 54. h5 Ka3 55. h6 Kxa2 56. Rg7 Kxb3 57. h7 1-0

[Event "HEM 2015 B Turnier"]
[Site "Frankfurt-Sossenheim"]
[Date "2015.??.??"]
[Round "7.19"]
[White "Martens, Nick"]
[Black "Reichel, Rolf"]
[Result "1-0"]
[WhiteElo "1697"]
[BlackElo "1816"]
[PlyCount "113"]
[EventDate "2015.??.??"]
[WhiteTeam "SF Battenberg"]
[BlackTeam "SF Frankfurt"]

1. f4 e5 2. fxe5 d6 3. exd6 Bxd6 4. Nf3 g5 5. g3 g4 6. Nh4 Be7 7. Ng2 h5 8. Nf4
h4 9. Bg2 hxg3 10. hxg3 Rxh1+ 11. Bxh1 Qd4 12. e3 Qh8 13. Kf2 Qh2+ 14. Bg2 Nf6
15. d3 Nc6 16. Qh1 Qxh1 17. Bxh1 Bd7 18. Nd5 Nxd5 19. Bxd5 O-O-O 20. Bd2 Rh8
21. Kg2 f5 22. a3 Ne5 23. Bc3 Bd6 24. Nd2 Rh3 25. Rh1 Rxh1 26. Kxh1 Ng6 27. Kg2
Ne7 28. Bb3 Ng6 29. Nc4 Bc6+ 30. Kf2 Be7 31. Ne5 Nxe5 32. Bxe5 Bd7 33. c3 Bg5
34. Bf4 Bf6 35. d4 c6 36. Bc2 Be6 37. e4 fxe4 38. Bxe4 Kd7 39. Ke3 a5 40. Bh6
a4 41. Kf4 Be7 42. Bg7 Bd6+ 43. Be5 Bf8 44. Kg5 Be7+ 45. Kg6 Ke8 46. Bf5 Bf7+
47. Kh6 Bf8+ 48. Kg5 Be7+ 49. Kxg4 Kf8 50. Kf4 Bb3 51. g4 Bh4 52. g5 Kg8 53. g6
Be1 54. Ke3 Bh4 55. Kd3 Bg5 56. c4 Bc1 57. Be6+ 1-0

[Event "HEM 2015 B Turnier"]
[Site "Frankfurt-Sossenheim"]
[Date "2015.??.??"]
[Round "7.20"]
[White "Fuchs, Andreas"]
[Black "Kuersten, Susanne"]
[Result "1/2-1/2"]
[WhiteElo "1663"]
[BlackElo "1786"]
[PlyCount "27"]
[EventDate "2015.??.??"]
[WhiteTeam "SC Ober-Ramstadt"]
[BlackTeam "SV Lok Engelsdorf"]

1. d4 d5 2. c4 e6 3. Nc3 Nf6 4. Bg5 Be7 5. Nf3 O-O 6. e3 c6 7. Bd3 Nbd7 8. Rc1
b6 9. cxd5 cxd5 10. O-O a6 11. Qe2 Bb7 12. Ne5 b5 13. f4 Rc8 14. Rc2 1/2-1/2

[Event "HEM 2015 B Turnier"]
[Site "Frankfurt-Sossenheim"]
[Date "2015.??.??"]
[Round "7.21"]
[White "Niedenthal, Robert"]
[Black "Liebske, Erwin"]
[Result "1-0"]
[WhiteElo "1781"]
[BlackElo "1643"]
[PlyCount "131"]
[EventDate "2015.??.??"]
[WhiteTeam "SV Hofheim"]
[BlackTeam "SV Frankfurt Nord"]

1. c4 c5 2. Nc3 Nc6 3. g3 e6 4. Bg2 Nge7 5. e4 d6 6. Nge2 g6 7. d4 Bg7 8. Be3
b6 9. O-O O-O 10. f4 Bb7 11. d5 exd5 12. cxd5 Nb8 13. Qd2 a6 14. Rad1 Nd7 15.
g4 f6 16. Ng3 Qc7 17. h4 Kh8 18. g5 Ng8 19. Bf3 Rae8 20. h5 fxg5 21. hxg6 gxf4
22. Bxf4 Be5 23. Nf5 Rxf5 24. exf5 Ndf6 25. Kg2 Qg7 26. Rh1 Bxf4 27. Qxf4 Re5
28. Rh3 Ne7 29. Rdh1 Nxg6 30. fxg6 Qxg6+ 31. Rg3 Qc2+ 32. Kh3 Bc8+ 33. Kh4 Bf5
34. Qg5 Bg6 35. Qxf6+ Kg8 36. Rhg1 Qh2+ 37. Rh3 Qxg1 38. Qd8+ Kf7 39. Qd7+ Re7
40. Qxd6 Qf2+ 41. Qg3 Qd4+ 42. Qg4 Qf2+ 43. Rg3 Qh2+ 44. Qh3 Qd2 45. Bh5 Qf4+
46. Qg4 Qf6+ 47. Qg5 Qd4+ 48. Bg4 Re5 49. Rf3+ Ke8 50. Qc1 Rh5+ 51. Kg3 Re5 52.
Qd1 Qb4 53. Qd2 c4 54. Qf2 Qd6 55. Kg2 Be4 56. Nxe4 Rxe4 57. Be6 Qe7 58. Kf1
Qb4 59. Kg2 Qe7 60. Rg3 Rxe6 61. dxe6 Qf8 62. Qd4 Qf7 63. exf7+ Kxf7 64. Rf3+
Ke6 65. Rf6+ Ke7 66. Qd6+ 1-0

[Event "HEM 2015 B Turnier"]
[Site "Frankfurt-Sossenheim"]
[Date "2015.??.??"]
[Round "7.22"]
[White "Heinz, Tobias"]
[Black "Willenbring, Jens-Dirk"]
[Result "1/2-1/2"]
[WhiteElo "1646"]
[BlackElo "1753"]
[PlyCount "45"]
[EventDate "2015.??.??"]
[WhiteTeam "SC Eschborn"]
[BlackTeam "Bad Vilbeler Sfr"]

1. d4 d5 2. c4 e6 3. Nc3 Nf6 4. Nf3 c6 5. Bf4 Nbd7 6. e3 h6 7. cxd5 Nxd5 8.
Nxd5 exd5 9. a3 Nf6 10. Ne5 Nd7 11. Qh5 Nxe5 12. Qxe5+ Qe7 13. Bd3 Qxe5 14.
Bxe5 Be6 15. O-O f6 16. Bg3 Kd7 17. Rfc1 Bd6 18. Bxd6 Kxd6 19. Rc2 Rhc8 20.
Rac1 Rc7 21. b4 a6 22. Kf1 f5 23. Re1 1/2-1/2

[Event "HEM 2015 B Turnier"]
[Site "Frankfurt-Sossenheim"]
[Date "2015.??.??"]
[Round "7.23"]
[White "Engel, Jan"]
[Black "Deppe, Leo"]
[Result "1/2-1/2"]
[WhiteElo "1715"]
[BlackElo "1694"]
[PlyCount "46"]
[EventDate "2015.??.??"]
[WhiteTeam "Frankfurter TV"]
[BlackTeam "SC Bad Soden"]

1. g4 d5 2. Bg2 Bxg4 3. c4 c6 4. cxd5 cxd5 5. Nc3 Nf6 6. Qb3 Qb6 7. Nxd5 Qxb3
8. axb3 Nxd5 9. Bxd5 Nc6 10. Bxc6+ bxc6 11. d3 e5 12. Bd2 Kd7 13. Kd1 Be7 14.
Nf3 Bxf3 15. exf3 Rhb8 16. Kc2 Rb5 17. f4 exf4 18. Bxf4 a5 19. Ra4 Rb4 20. Bd2
Rxa4 21. bxa4 Bc5 22. Bc3 g6 23. Re1 Bb6 1/2-1/2

[Event "HEM 2015 B Turnier"]
[Site "Frankfurt-Sossenheim"]
[Date "2015.??.??"]
[Round "7.24"]
[White "Will, Steffen"]
[Black "Boerkey, Joel"]
[Result "1/2-1/2"]
[WhiteElo "1705"]
[BlackElo "1333"]
[PlyCount "71"]
[EventDate "2015.??.??"]
[WhiteTeam "SC Bad Nauheim"]
[BlackTeam "Wiesbadener SV"]

1. e4 c5 2. Nf3 Nc6 3. d4 cxd4 4. Nxd4 e5 5. Nb3 Nf6 6. Bd3 d5 7. exd5 Nxd5 8.
O-O Ndb4 9. Nc3 Nxd3 10. cxd3 Bf5 11. Ne4 Nb4 12. Nec5 Bxc5 13. Nxc5 Qd5 14.
Qa4+ Nc6 15. Ne4 O-O 16. Rd1 Rfd8 17. Be3 b6 18. Rac1 Bd7 19. Qa3 Bf5 20. Bg5
Bxe4 21. f3 Bg6 22. Bxd8 Rxd8 23. Kh1 e4 24. Qa4 b5 25. dxe4 Qxd1+ 26. Qxd1
Rxd1+ 27. Rxd1 f6 28. a3 Be8 29. Kg1 Na5 30. Rd8 Kf8 31. Ra8 Nc4 32. b3 Nxa3
33. Rxa7 Nc2 34. Ra2 Nd4 35. b4 Nb3 36. Rb2 1/2-1/2

[Event "HEM 2015 B Turnier"]
[Site "Frankfurt-Sossenheim"]
[Date "2015.??.??"]
[Round "7.25"]
[White "Froehlich-Dill, Astrid"]
[Black "Praetz, Friedrich"]
[Result "1-0"]
[WhiteElo "1925"]
[BlackElo "1013"]
[PlyCount "85"]
[EventDate "2015.??.??"]
[WhiteTeam "SV Hofheim"]
[BlackTeam "SVG Lauterbach"]

1. d4 Nf6 2. c4 e6 3. Nc3 Bb4 4. Bg5 h6 5. Bxf6 Qxf6 6. Rc1 Ba5 7. e4 c5 8. d5
O-O 9. Nf3 d6 10. Be2 e5 11. O-O Bxc3 12. Rxc3 Qg6 13. Nd2 f5 14. Rg3 Qh7 15.
exf5 Bxf5 16. Bg4 Nd7 17. Bxf5 Rxf5 18. Ne4 Raf8 19. Nxd6 Rf4 20. Rg4 R4f6 21.
Ne4 Ra6 22. a3 Rb6 23. Qe2 Nf6 24. Nxf6+ Rbxf6 25. Re4 Qf5 26. Rxe5 Qd7 27. f3
Rg6 28. Qe4 Rb6 29. Re7 Qf5 30. Re8 Qf7 31. Rxf8+ Qxf8 32. Qe5 Qf6 33. Qxf6
gxf6 34. Rf2 Kf7 35. Re2 Rd6 36. g4 b5 37. b3 bxc4 38. bxc4 Rb6 39. Kf2 Rb1 40.
Kg3 Rc1 41. Re4 Ra1 42. Re6 Rxa3 43. Rc6 1-0